| 000 | 00606nam a2200229Ia 4500 | ||
|---|---|---|---|
| 003 | OSt | ||
| 005 | 20220924145636.0 | ||
| 006 | a|||||r|||| 00| 0 | ||
| 007 | ta | ||
| 008 | 220923b |||||||| |||| 00| 0 tel d | ||
| 024 | _a329644 | ||
| 037 | _cTextual | ||
| 040 |
_aARTS _cARTS _btel |
||
| 041 |
_2tel _atel |
||
| 082 | _aO142:3M28x, 35J6 | ||
| 100 |
_aTalstay Au. _9220223 |
||
| 245 | 0 | _aKastolu techina poilam mariyu etara kathalu | |
| 260 | _c1956 | ||
| 650 |
_aRUSSIAN LITERATURE _915056 |
||
| 942 |
_hO142:3M28x, 35J6 _cTEXL _2CC |
||
| 999 |
_c460718 _d460718 |
||